00917cam a2200265 a 4500003000400000005001700004008004100021010001700062020001500079020001800094040002300112042001400135082002400149100002200173245007300195260005600268300004000324650003800364650004000402650003800442651003600480942001200516999001700528952010600545OSt20240530110425.0130723s2012 ua ac f 000 0 eng d a 2013427014 a9774165764 a9789774165764 aEG-CaGPLcEG-CaGPL alccopycat 221a962.081bCC/G R1 aGröndahl , Mia.10aRevolution graffiti :bstreet art of the new Egypt /cMia Gröndahl aCairo :bAmerican University in Cairo Press,c2012. axiii, 193 p. :bill. ;c22 x 25 cm. 0aGraffitizEgyptvPictorial works. 0aStreet artzEgyptvPictorial works. 0aRevolutionszEgypty21st century. 0aEgyptxHistoryyProtests, 2011- 2ddccBK c60728d60728 00102ddc4070aCAIbCAId2015-03-22l0o962.081 CC/G Rp159836r2015-03-22 00:00:00w2015-03-22yBK